Race and the origins of American neoliberalism /

Bibliographic Details
Main Author: Hohle, Randolph (Author)
Corporate Author: ebrary, Inc
Format: eBook
Language:English
Published: New York, NY : Routledge, 2015.
Series:Routledge research in race and ethnicity ; 12.
Subjects:
Online Access:Connect to the full text of this electronic book

MARC

Tag First Indicator Second Indicator Subfields
LEADER 00000cam a22000001i 4500
001 in00003532721
006 m |o d |
007 cr |n|||||||||
008 150710t20152015nyua ob 001 0 eng d
005 20250816210116.4
020 |a 1317565541 (electronic bk.) 
020 |a 9781317565543 (electronic bk.) 
020 |z 9781138832558  |q hardcover 
020 |z 1138832553  |q hardcover 
024 8 |a 99965938406 
035 |a (NhCcYBP)ebr11064741 
040 |a NhCcYBP  |c NhCcYBP  |d UtOrBLW 
043 |a n-us--- 
050 4 |a HB95  |b .H644 2015 
082 0 4 |a 320.51/3  |2 23 
084 |a SOC001000  |a SOC026000  |a POL024000  |2 bisacsh 
100 1 |a Hohle, Randolph,  |e author.  |0 http://id.loc.gov/authorities/names/n2012064913 
245 1 0 |a Race and the origins of American neoliberalism /  |c Randolph Hohle. 
264 1 |a New York, NY :  |b Routledge,  |c 2015. 
264 4 |c ©2015 
300 |a 1 online resource. 
336 |a text  |b txt  |2 rdacontent 
337 |a computer  |b c  |2 rdamedia 
338 |a online resource  |b cr  |2 rdacarrier 
490 1 |a Routledge research in race and ethnicity ;  |v 12 
504 |a Includes bibliographical references and index. 
588 |a Description based on print version record. 
500 |a Electronic resource. 
650 0 |a Neoliberalism  |z United States. 
650 0 |a Race discrimination  |z United States.  |0 http://id.loc.gov/authorities/subjects/sh85110242 
651 0 |a United States  |x Race relations.  |0 http://id.loc.gov/authorities/subjects/sh85140494 
650 0 |a Elite (Social sciences)  |z United States.  |0 http://id.loc.gov/authorities/subjects/sh2008102581 
655 7 |a Electronic books.  |2 local 
710 2 |a ebrary, Inc.  |0 http://id.loc.gov/authorities/names/no2007088509 
776 1 8 |c Original  |z 9781138832558  |z 1138832553  |w (DLC) 2015005068 
830 0 |a Routledge research in race and ethnicity ;  |v 12.  |0 http://id.loc.gov/authorities/names/no2008138481 
856 4 1 |u https://ebookcentral.proquest.com/lib/tamucs/detail.action?docID=3569379  |y Connect to the full text of this electronic book  |t 0 
955 |a YBP purchased DDA e-records 
980 |b 175.00  |g 1 
987 |a ybp12480892 
999 f f |s b679e65d-4671-3a25-bb42-1c04c504d734  |i 4f4b9e2d-e64c-3e48-a3b6-86e4a391ce84  |t 0 
952 f f |a Texas A&M University  |b College Station  |c Electronic Resources  |d Available Online  |t 0  |e HB95 .H644 2015  |h Library of Congress classification 
998 f f |a HB95 .H644 2015  |t 0  |l Available Online